|
|
|
|
| LEADER |
00000nam0a2200000 4500 |
| 001 |
113132 |
| 005 |
20231031121727.0 |
| 010 |
|
|
|a 5891763893
|
| 035 |
|
|
|a (RuTPU)RU\TPU\book\122366
|
| 090 |
|
|
|a 113132
|
| 100 |
|
|
|a 20070406d2006 k y0rusy50 ca
|
| 101 |
0 |
|
|a rus
|
| 102 |
|
|
|a RU
|
| 105 |
|
|
|a a z 001zy
|
| 200 |
1 |
|
|a Глобальная термохалинная палеоциркуляция
|f Е. В. Иванова
|
| 210 |
|
|
|a Москва
|c Научный мир
|d 2006
|
| 215 |
|
|
|a 314 с.
|c ил.
|
| 320 |
|
|
|a Библиогр.: с. 206-252.
|
| 330 |
|
|
|a На основе микропалеонтологических, изотопно-геохимических, теохронологических и других данных проведена корреляция палеоокеанологических событий в удаленных друг от друга ключевых районах Мирового океана: Северной Атлантике, Антарктике, западно-арктических морях, северной части Тихого океана, тропической области Индо-Пацифики за последние 135 тыс. лет. Показано, что глобальная термохалинная циркуляция контролирует удаленную передачу климатических сигналов длительностью в тысячи, а возможно и сотни лет между этими регионами, в то время как более кратковременные сигналы передаются в основном через атмосферу. Приведены основные сведения о современной термохалинной циркуляции и этапах ее формирования в неогене.
|
| 610 |
1 |
|
|a термохалинная палеоциркуляция
|
| 610 |
1 |
|
|a кайнозой
|
| 610 |
1 |
|
|a климат
|
| 610 |
1 |
|
|a глобальный океанский конвейер
|
| 610 |
1 |
|
|a Северная Атлантика
|
| 610 |
1 |
|
|a термохалинная циркуляция
|
| 610 |
1 |
|
|a Индийский Океан
|
| 610 |
1 |
|
|a Южно-Китайское море
|
| 610 |
1 |
|
|a климатические сигналы
|
| 675 |
|
|
|a 551.465
|v 3
|
| 675 |
|
|
|a 551.583.7
|v 3
|
| 700 |
|
1 |
|a Иванова
|b Е. В.
|g Елена Владимировна
|
| 801 |
|
1 |
|a RU
|b 63413507
|c 20070406
|g PSBO
|
| 801 |
|
2 |
|a RU
|b 63413507
|c 20070412
|g PSBO
|
| 942 |
|
|
|c BK
|